Normal view
MARC view
- الحنيطي، جعفر محمود مفلح
Entry Personal Name
001 - CONTROL NUMBER
- control field: 66537
003 - CONTROL NUMBER IDENTIFIER
- control field: JO-AjAnu
005 - DATE AND TIME OF LATEST TRANSACTION
- control field: 20250317113007.0
008 - FIXED-LENGTH DATA ELEMENTS
- fixed length control field: 250317|| aca||aabn | a|a d
040 ## - CATALOGING SOURCE
- Original cataloging agency: JO-AjAnu
100 ## - HEADING--PERSONAL NAME
- Personal name: الحنيطي، جعفر محمود مفلح
- Relator term: معد